| 000 | 00680nam a2200181 u 4500 | ||
|---|---|---|---|
| 001 | 000274418 | ||
| 003 | AM-YEHGA | ||
| 005 | 20251210135508.0 | ||
| 008 | 031021s1970 iluc r 000 0|arm|d | ||
| 040 |
_aAM-YEHGA _cAM-YEHGA |
||
| 041 | 0 | _aarm | |
| 100 | 1 | _aԿիւրլէքեան, Յակոբ Վեր. | |
| 245 | 1 | 0 |
_aՀայուն հրաշալի գոյատեւումը եւ յառաջդիմութիւնը : _bԱնցեալի եւ ներկայի ապագայ հեռատեսիլով / _cՅակոբ Վեր. Կիւրլէքեան. |
| 260 |
_aՇիքակօ : _bՇիրակ, _c1970. |
||
| 300 |
_a224 էջ : _bդիմանկ. |
||
| 650 | 1 | 4 | _aՀայոց պատմություն |
| 942 |
_2udc _cBK |
||
| 999 |
_c99792 _d99792 |
||